000 00339nam a2200121Ia 4500
008 190216s9999||||xx |||||||||||||| ||und||
100 _aAnil Kumar De & Arnab Kumar De
245 0 _aInorganic Chemistry And Analysis
260 _bNew Age International Publishers
_c1996
300 _a 362p
650 _aInorganic Chemistry
942 _cBK
999 _c3063
_d3063